000 01239nam a2200229Ia 4500
003 Ost
005 20260507075638.0
008 260507s9999||||xx |||||||||||||| ||und||
040 _cfsecg
041 _aara
082 _a647
100 _aمسعد، محي محمد
_eمؤلف
245 0 _aالإطار القانوني للنشاط السياحي والفندقي /
_c محي محمد مسعد
260 _aالاسكندرية:
_bالمكتب العربي الحديث,
_c2002
300 _a303 صفحة؛
520 _aمفاهيم ومرتكزات أساسية ،القاعدة القانونية،النشاط السياحي-القوانين والقرارات والاتفاقيات الدولية الحاكمة للنشاط السياحي والفندقي-أهم القوانين المرتبطة بالنشاط السياحي والفندقي-قانون العمل وأهم قوانين الضمان والتأمينات الإجتماعية-قانون حماية البيئة وقانون الجمعيات والمؤسسات الأهلية
653 _aالسياحة
653 _aالفنادق
653 _aالقانون
700 _aياغي، احسان محمد
_eمؤلف ثانوي
942 _cكتاب
999 _c45340
_d45340